Tính thống nhất giữa Bộ luật hình sự năm 2015 với Luật công nghệ thông tin và một số đề xuất /
Na minha lista:
| Autor principal: | |
|---|---|
| Formato: | Artigo |
| Idioma: | Vietnamese |
| Assuntos: | |
| Tags: |
Adicionar Tag
Sem tags, seja o primeiro a adicionar uma tag!
|
| Thư viện lưu trữ: | Thư viện Trường Đại học Đà Lạt |
|---|
| LEADER | 00868nam a2200277 4500 | ||
|---|---|---|---|
| 001 | DLU180186096 | ||
| 005 | ##20180808 | ||
| 040 | # | # | |a DLU |b vie |
| 041 | # | # | |a vie |
| 044 | # | # | |a vn |
| 100 | # | # | |a Nguyễn Văn Hương. |
| 245 | # | # | |a Tính thống nhất giữa Bộ luật hình sự năm 2015 với Luật công nghệ thông tin và một số đề xuất / |c Nguyễn Văn Hương. |
| 653 | # | # | |a Bộ luật hình sự |
| 653 | # | # | |a Công nghệ thông tin |
| 653 | # | # | |a Luật |
| 653 | # | # | |a Tính thống nhất |
| 773 | # | # | |t Luật học |g Số 4(203), 2017, tr. 25-35 |
| 920 | # | # | |a Phòng Tạp chí -- Trung tâm Thông tin - Thư viện Trường Đại học Đà Lạt |
| 994 | # | # | |a DLU |
| 900 | # | # | |a True |
| 911 | # | # | |a Nguyễn Thị Thu Phương |
| 925 | # | # | |a G |
| 926 | # | # | |a A |
| 927 | # | # | |a BB |
| 980 | # | # | |a Thư viện Trường Đại học Đà Lạt |